| 000 | 00884cam a22002655a 4500 | ||
|---|---|---|---|
| 001 | 11699560 | ||
| 005 | 20161030113512.0 | ||
| 008 | 151202t2016 maua frb 001 0 eng d | ||
| 020 | _a9780128021200 | ||
| 040 |
_aMiAaPQ _beng _epn _cMiAaPQ _dMiAaPQ _dWaSeSS _dEG-ScBUE |
||
| 082 | 0 | 4 |
_a620.001171 _222 _bDOU |
| 100 | 1 | _aDouglass, Bruce Powell. | |
| 245 | 1 | 0 |
_aAgile systems engineering / _cBruce Powel Douglass. |
| 260 |
_aWaltham : _bMorgan Kaufmann / Elsevier, _cc.2016. |
||
| 300 |
_axxi, 429 p. : _bill. ; _c28 cm. |
||
| 500 | _aIndex : p. 419-429. | ||
| 504 | _aIncludes bibliographical references. | ||
| 506 | _aLicense restrictions may limit access. | ||
| 650 | 7 |
_aSystems engineering. _2BUEsh _93798 |
|
| 650 | 7 |
_aAgile software development. _2BUEsh _94807 |
|
| 650 | 7 |
_aSysML (Computer science) _2BUEsh |
|
| 651 | _2BUEsh | ||
| 653 |
_bCOMSCI _cOctober2016 |
||
| 942 | _2ddc | ||
| 999 |
_c22902 _d22874 |
||